000 00674nam a2200205 i 4500
001 88847
003 ES-MaACL
005 20260617123412.0
007 t|
008 050112s1991 fr ||||1| fre d
080 _a73 Claudel, Camille (083.824)
100 _aClaudel, Camille,
_d1864-1943
_9239251
245 1 0 _aC. Claudel
_b: [exposition, Paris, Musée Rodin] 12 mars-2 juin 1991.
260 _aParis :
_bMusée Rodin,
_c[1991]
300 _a175 p. :
_bil. col. y n. ;
_c24 cm.
600 0 4 _aClaudel, Camille,
_d1864-1943-
_vExposiciones
_939083
710 2 _aMusée Rodin.
_95818
852 _aES-MaACL
_jE-10701
_bR.135062
999 _c88847
_d88847